[Event "ACL-A033"]
[Site "www.playchess.de"]
[Date "2001.04.15"]
[Round "24"]
[White "satura"]
[Black "yury"]
[WhiteElo "1832"]
[BlackElo "1500"]
[PlyCount "35"]
[Result "1-0"]

1.c4 e5 2.Nc3 f5 3.g3 Nf6 4.d4 exd4 5.Qxd4 Nc6 
6.Qe3+ Be7 7.Nd5 O-O 8.Nxe7+ Nxe7 9.Bg2 c6 10.Nf3 
d5 11.Qd3 Ne4 12.O-O Ng6 13.cxd5 cxd5 14.Rd1 Be6 
15.Nd4 Bd7 16.Qb3 Ne7 17.Qxb7 Rb8 
18.Qxa7 1-0

[Event "ACL-A033"]
[Site "www.playchess.de"]
[Date "2001.04.15"]
[Round "26"]
[White "Silver_Fox"]
[Black "yury"]
[WhiteElo "1500"]
[BlackElo "1500"]
[PlyCount "34"]
[Result "0-1"]

1.e4 c6 2.d4 d5 3.Nc3 dxe4 4.Nxe4 Bf5 5.Ng3 Bg6 
6.Nf3 Nf6 7.h4 h6 8.Ne5 Bh7 9.Bd3 Bxd3 10.Qxd3 
Nbd7 11.Ng6 Rg8 12.O-O e6 13.Nxf8 Rxf8 14.Nf5 exf5 
15.Re1+ Ne4 16.f3 Ndf6 17.f4 Qb6 0-1

[Event "ACL-A033"]
[Site "www.playchess.de"]
[Date "2001.04.15"]
[Round "29"]
[White "michalis"]
[Black "Whoaplayer"]
[WhiteElo "1500"]
[BlackElo "1500"]
[PlyCount "39"]
[Result "1-0"]

1.e4 c5 2.Nf3 d6 3.d4 b6 4.Bb5+ Bd7 5.Nc3 a6 
6.Bxd7+ Nxd7 7.O-O h6 8.Be3 Ngf6 9.e5 cxd4 10.Bxd4 
dxe5 11.Nxe5 g6 12.Nxd7 Qxd7 13.Bxf6 Rh7 14.Qxd7+ 
Kxd7 15.Rad1+ Kc7 16.Nd5+ Kb7 17.Nxe7 Re8 18.Rd7+ 
Ka8 19.Nc6 Rc8 20.Ra7+ 1-0

[Event "ACL-A033"]
[Site "www.playchess.de"]
[Date "2001.04.15"]
[Round "30"]
[White "sazex"]
[Black "michalis"]
[WhiteElo "1760"]
[BlackElo "1500"]
[PlyCount "50"]
[Result "1-0"]

1.e4 e6 2.d4 d5 3.Nc3 Bb4 4.e5 c5 5.a3 Bxc3+ 
6.bxc3 Ne7 7.Qg4 O-O 8.Nf3 c4 9.Be2 Qa5 10.Bd2 Qa4 
11.Ra2 Qe8 12.O-O Ng6 13.Rb1 f5 14.exf6 e.p 
15.Rxf6 Bg5 16.e5 Qg3 17.Nc6 Bxf6 18.gxf6 dxe5 
19.fxe5 Nh4 20.Be6 Rxb7 21.Nd8 Rc7 22.Bf7 Nf5 
23.Qe6 Qg5 24.Qb6 Rd7 25.Kf8 Ra1 1-0

[Event "ACL-A033"]
[Site "www.playchess.de"]
[Date "2001.04.15"]
[Round "33"]
[White "michalis"]
[Black "Silver_Fox"]
[WhiteElo "1500"]
[BlackElo "1500"]
[PlyCount "21"]
[Result "1-0"]

1.e4 d6 2.d4 Nf6 3.Nc3 g6 4.Nf3 Bg7 5.Be3 O-O 
6.Bc4 Nbd7 7.h3 c6 8.e5 Ne8 9.e6 fxe6 10.Bxe6+ Kh8 
11.Ng5 1-0

[Event "ACL-A033"]
[Site "www.playchess.de"]
[Date "2001.04.15"]
[Round "36"]
[White "yury"]
[Black "michalis"]
[WhiteElo "1500"]
[BlackElo "1500"]
[PlyCount "58"]
[Result "0-1"]

1.e4 c5 2.Nf3 d6 3.d4 cxd4 4.Nxd4 Nf6 5.Nc3 a6 
6.Be3 e6 7.Bd3 b5 8.a4 b4 9.Nce2 Be7 10.O-O O-O 
11.Ng3 Bb7 12.Qe2 Nbd7 13.Nb3 Ne5 14.Rfd1 Rc8 
15.Bxa6 Bxa6 16.Qxa6 Rxc2 17.Rd2 Rc6 18.Qe2 Nfg4 
19.Bd4 Bg5 20.Rdd1 Qa8 21.Bxe5 Nxe5 22.Nd4 Ra6 
23.b3 Rd8 24.Nb5 Qc8 25.Nh5 Qc5 26.Kh1 Ng6 27.g3 
Rc8 28.f4 Be7 29.Qb2 Qxh5 0-1

[Event "HCL-B109"]
[Site "www.playchess.de"]
[Date "2001.04.15"]
[Round "1"]
[White "tuzlak"]
[Black "Nulnulnix"]
[WhiteElo "1500"]
[BlackElo "820"]
[PlyCount "38"]
[Result "0-1"]

1.e4 e5 2.Nf3 Qf6 3.d3 h6 4.Nc3 Bb4 5.Bd2 c6 6.a3 
Bxc3 7.Bxc3 d6 8.d4 Nd7 9.Bc4 b5 10.Bb3 Qg6 11.Nh4 
Qxe4+ 12.Qe2 Qxh4 13.dxe5 d5 14.e6 fxe6 15.Qxe6+ 
Ne7 16.Bxg7 Nc5 17.Qe5 Rg8 18.O-O Qg5 19.Bf6 
Qxg2+ 0-1

[Event "HCL-B115"]
[Site "www.playchess.de"]
[Date "2001.04.16"]
[Round "11"]
[White "wuliao"]
[Black "Vampir"]
[WhiteElo "971"]
[BlackElo "1500"]
[PlyCount "84"]
[Result "0-1"]

1.Nf3 Nf6 2.Nc3 d5 3.d4 e6 4.e3 Nbd7 5.Bd3 c5 
6.dxc5 Bxc5 7.O-O O-O 8.a3 e5 9.e4 dxe4 10.Bxe4 
Nxe4 11.Nxe4 Be7 12.Bg5 Bxg5 13.Nfxg5 Nb6 14.Qh5 
h6 15.Rad1 Qc7 16.Rd6 hxg5 17.Qxg5 f6 18.Nxf6+ 
Rxf6 19.Rxf6 Qe7 20.Rg6 Qxg5 21.Rxg5 Nc4 22.b3 
Nxa3 23.Rxe5 Bd7 24.c4 b6 25.Re2 b5 26.Ra2 b4 
27.Rd1 Bf5 28.h3 Bc2 29.Rd5 Bxb3 30.Rad2 Bxc4 
31.Rg5 Bb5 32.Rd4 a5 33.Rdg4 Ra7 34.Rd5 Rd7 35.Rc5 
b3 36.Rc8+ Kf7 37.Rf4+ Ke6 38.Re8+ Kd5 39.Rf5+ Kd4 
40.Rf4+ Kc3 41.Rf3+ Rd3 42.Rc8+ 
Bc4 0-1

[Event "HCL-B141"]
[Site "www.playchess.de"]
[Date "2001.04.16"]
[Round "1"]
[White "Entropy"]
[Black "rikkirich"]
[WhiteElo "1500"]
[BlackElo "1402"]
[PlyCount "45"]
[Result "1-0"]

1.e4 e5 2.Nf3 Nc6 3.Bb5 Nge7 4.O-O a6 5.Ba4 b5 
6.Bb3 Ng6 7.c3 Na5 8.Bc2 Bb7 9.Qe2 Be7 10.d4 d6 
11.d5 O-O 12.b4 Nc4 13.Nbd2 Nxd2 14.Bxd2 Bf6 
15.Be3 Re8 16.Qd2 Ne7 17.Bg5 Bxg5 18.Nxg5 h6 
19.Nf3 Ng6 20.Bd3 Nf4 21.c4 Nxd3 22.Qxd3 bxc4 
23.Qxc4 1-0

[Event "HCL-C031"]
[Site "www.playchess.de"]
[Date "2001.04.16"]
[Round "21"]
[White "Speedy"]
[Black "COMETIN"]
[WhiteElo "1000"]
[BlackElo "1000"]
[PlyCount "113"]
[Result "1-0"]

1.e4 e5 2.Bc4 Nf6 3.Nc3 Qe7 4.Nf3 d6 5.O-O Bg4 
6.h3 Bxf3 7.Qxf3 Nbd7 8.Nd5 Nxd5 9.Bxd5 c6 10.Bb3 
g5 11.c3 f6 12.d4 h5 13.d5 g4 14.hxg4 hxg4 15.Qxg4 
Qh7 16.Qh3 O-O-O 17.dxc6 bxc6 18.Be6 Be7 19.Bf5 
Qg7 20.Qe3 Rdg8 21.g3 Bd8 22.Qxa7 Bc7 23.Qa8+ Bb8 
24.Qxc6+ Bc7 25.Be3 Kd8 26.Qa8+ Ke7 27.Qa7 Rgc8 
28.Bxd7 Kxd7 29.Qa4+ Ke7 30.Rfd1 Qh7 31.Kf1 Qh5 
32.Ke1 Qf3 33.Kd2 Rcb8 34.Kc2 Qe2+ 35.Rd2 Qf3 
36.Rad1 f5 37.exf5 Qxf5+ 38.Kc1 Qe6 39.Qa7 Rhc8 
40.R2xd6 Qc4 41.R6d7+ Ke8 42.Qa3 Qe6 43.Bg5 Qxd7 
44.Rxd7 Kxd7 45.Qe7+ Kc6 46.Qe6+ Bd6 47.Be7 Rcd8 
48.Bxd8 Rxd8 49.g4 Rf8 50.g5 Rxf2 51.g6 Rg2 52.a4 
Rg1+ 53.Kc2 Kc5 54.Qf7 Rg2+ 55.Kb3 Rd2 56.g7 Rd3 
57.Qc4+ 1-0

[Event "HCL-C117"]
[Site "www.playchess.de"]
[Date "2001.04.16"]
[Round "33"]
[White "Optimo"]
[Black "donkey"]
[WhiteElo "1276"]
[BlackElo "1129"]
[PlyCount "56"]
[Result "0-1"]

1.e4 e6 2.d4 d5 3.Nc3 Bb4 4.Bd2 dxe4 5.Qg4 g6 
6.Qxe4 Nf6 7.Qe5 O-O 8.Nf3 Nc6 9.Qe3 a6 10.h3 b5 
11.Qh6 Nxd4 12.Ng5 Nxc2+ 13.Ke2 Nxa1 14.Nce4 Qxd2+ 
15.Nxd2 Bb7 16.f3 Rad8 17.Nde4 Bxe4 18.fxe4 Nc2 
19.e5 Nd4+ 20.Kf2 Nf5 21.Qxf8+ Bxf8 22.exf6 Rd2+ 
23.Kf3 Rxb2 24.Bd3 Bh6 25.Ne4 Rxa2 26.Rd1 Nh4+ 
27.Kg3 Nxg2 28.Rg1 Nf4 0-1

[Event "HCL-E010"]
[Site "www.playchess.de"]
[Date "2001.04.16"]
[Round "14"]
[White "KARFOPOULOS"]
[Black "MarkusSSG"]
[WhiteElo "2000"]
[BlackElo "2344"]
[PlyCount "82"]
[Result "0-1"]

1.b3 e5 2.Bb2 Nc6 3.c4 g6 4.f4 d6 5.Nf3 Bg7 6.e3 
Nge7 7.Be2 O-O 8.O-O e4 9.Bxg7 exf3 10.Bxf8 fxe2 
11.Qxe2 Qxf8 {strong played for a 2600 player}  
12.Nc3 {2600 ?? FOR 2200 ok,not more}  Qd8 13.d4 
d5 14.Qf3 Be6 15.Rad1 f5 16.Qe2 Qd7 17.Na4 b6 
18.Rdc1 Re8 19.Rfd1 Na5 20.Nb2 dxc4 21.bxc4 c6 
22.Qd2 Bf7 23.Qb4 Qe6 24.Rd3 Qe4 25.Qa3 h6 26.Qc3 
Nb7 27.Qa3 a5 28.Nd1 Nd6 29.Rdc3 Qe6 30.R3c2 Ne4 
31.Nf2 Nxf2 32.Kxf2 Nc8 33.d5 Qd6 34.Qxd6 Nxd6 
35.dxc6 Ne4+ 36.Ke2 Rc8 37.Rd1 Rxc6 38.Rd8+ Kg7 
39.Kd3 Nd6 40.Rd7 Kf6 41.a4 Ne4 0-1

[Event "HCL-E016"]
[Site "www.playchess.de"]
[Date "2001.04.16"]
[Round "3"]
[White "Dimentiy"]
[Black "Robby"]
[WhiteElo "2000"]
[BlackElo "2000"]
[PlyCount "57"]
[Result "0-1"]

1.e4 e6 2.d4 d5 3.Nd2 Nc6 4.Ngf3 Nf6 5.e5 Ne4 
6.Bd3 f5 7.exf6 e.p 8.Nxf6 c3 9.Bd6 O-O 10.O-O Re1 
11.Qe8 Nf1 12.Nd8 Ng3 13.c5 Nf5 {this will be a 
very exciting game, thank your for your choice 
Nf5}  14.Bc7 {your welcome! i hope it will be 
interesting game.}  dxc5 15.Ne4 {whats city do you 
live in Belgian? I living in Riga.}  Ne3 {I live 
in a village called "Bornem" on the eastbank of 
the river "Scheldt" about 20 km from Antwerp}  
16.Qh5 Nf1 {in the style of your fellow townsman}  
17.Nxf2 Kxf2 18.e5 c4 19.e4 Bc2 {now it's very 
complicated}  20.Kh8 Qxd5 21.Qh4+ g3 22.Rxf3+ Kg1 
23.Bxg3 Rxe4 24.Rxf1+ Kxf1 25.Qh3+ Ke2 26.Be6 Qg5 
27.Qxh2+ Kd3 28.Nf7 Qe3 29.Be5 0-1

[Event "HCL-E016"]
[Site "www.playchess.de"]
[Date "2001.04.16"]
[Round "33"]
[White "ARMAGEDON_8"]
[Black "edwardchess"]
[WhiteElo "2263"]
[BlackElo "1947"]
[PlyCount "87"]
[Result "1/2-1/2"]

1.d4 e6 2.c4 Nf6 3.Nf3 Bb4+ 4.Bd2 a5 5.g3 b6 6.Bg2 
Bb7 7.O-O O-O 8.Bg5 Be7 9.Qc2 h6 10.Bxf6 Bxf6 
11.Nc3 g6 12.Rad1 d6 13.h4 h5 14.e4 Nd7 15.Rfe1 
Bg7 16.Nb5 Qb8 17.d5 e5 18.b3 Qd8 19.a3 Bh6 20.b4 
Nf6 21.Nd2 Qd7 22.Nc3 axb4 23.axb4 Ba6 24.b5 
{SORRY, BUT  WE HAVE LOTS OF PLAY.}  Bb7 25.Nf1 
Qe7 26.Rda1 Nd7 27.Nd2 Nc5 28.Nb3 Nxb3 29.Qxb3 Bd2 
30.Red1 Bxc3 31.Qxc3 Rfb8 32.Rxa8 Rxa8 33.Bh3 Qd8 
34.Ra1 Qb8 35.f3 Rxa1+ 36.Qxa1 Bc8 37.Bg2 Kg7 
38.f4 f6 39.fxe5 fxe5 40.Bf3 {I AGREE, HTE 
POSITION IS EQUAL. LETS PLAY SIX MORE MOVES AND IF 
THE POSITION IS STILL EQUAL THEN..}  Bg4 {OK}  
41.Bxg4 hxg4 42.Qa2 Kh7 43.Qe2 Qc8 
44.Qf2 1/2-1/2

[Event "HCL-B167"]
[Site "www.playchess.de"]
[Date "2001.04.16"]
[Round "2"]
[White "Snide"]
[Black "Ponten"]
[WhiteElo "1200"]
[BlackElo "1500"]
[PlyCount "83"]
[Result "1-0"]

1.c4 {Good luck!}  g6 {hi}  2.Nc3 Bg7 3.g3 c5 
4.Bg2 {On your next move, can you tell me what 
time is it when you play in Norway. Thanks 
Ponten!}  Nc6 5.e3 a6 {Usually in the evening, 
EMT(European Mean time), but now it's morning (9 
o'clock)}  6.Nge2 {Thanks a lot for the 
information... I sent you that move at 12h25 PM.}  
Rb8 7.O-O b5 8.cxb5 axb5 9.a4 b4 10.Ne4 Qb6 11.Qc2 
d6 12.d4 cxd4 13.Nxd6+ exd6 14.Qxc6+ Qxc6 15.Bxc6+ 
Kd8 16.Nxd4 Ne7 17.Bf3 Bb7 18.Bxb7 Rxb7 19.a5 Kd7 
20.Bd2 Ra8 21.Ra4 Nd5 22.a6 Rba7 23.Rfa1 Nc7 
24.Rxb4 R7xa6 25.Rxa6 Rxa6 26.Kf1 Ra2 27.Ke2 Kc8 
28.Rb6 Ne8 29.Kd3 Kc7 30.Rb5 Nf6 31.Ba5+ Kc8 32.h4 
Ng4 33.f3 Ne5+ 34.Ke4 f5+ 35.Kd5 Nd3 36.Bc3 Bf8 
37.Nc6 Ra8 38.b4 Kc7 39.Nd4 Be7 40.Ra5 Rb8 41.Nc6 
Re8 42.Ra7+ 1-0

[Event "HCL-B167"]
[Site "www.playchess.de"]
[Date "2001.04.16"]
[Round "7"]
[White "Redbaron"]
[Black "Ponten"]
[WhiteElo "1458"]
[BlackElo "1500"]
[PlyCount "90"]
[Result "0-1"]

1.e4 {Good evening.}  c6 {good evening, I have 
been away with my children on a chess tornament, 
but now we can begin}  2.Nf3 d5 3.exd5 cxd5 4.c3 
Bg4 5.Qa4+ Nd7 6.Qxg4 Ngf6 {I'm sorry for my last 
move, but my mind were somewhere else!}  7.Qa4 
{Don't worry about it, I do that all the time.}  
a6 8.d4 b5 9.Qb3 e6 10.Bg5 Be7 11.Nbd2 O-O 12.Bd3 
h6 13.Qc2 hxg5 14.Nxg5 Ne4 15.Ngxe4 dxe4 16.Bxe4 
Rc8 17.O-O-O b4 18.Qd3 Qa5 19.Bh7+ Kh8 20.Qh3 Nf6 
21.Nb3 Qg5+ 22.Kb1 Nxh7 23.Rd3 bxc3 24.Rxc3 Rxc3 
25.bxc3 Rb8 26.Kc2 Kg8 27.g4 Qh4 28.Qxh4 Bxh4 
29.f4 g5 30.fxg5 Nxg5 31.Nc5 a5 32.a4 Nf3 33.h3 
Be7 34.Rb1 Rxb1 35.Kxb1 Bxc5 36.dxc5 Kf8 37.Kc2 
Ke7 38.Kd3 Kd7 39.Ke3 Ne5 40.Kd4 Ng6 41.g5 Kc6 
42.c4 e5+ 43.Ke4 Kxc5 44.Kf5 Kxc4 45.Kf6 
e4 0-1

[Event "HCL-C172"]
[Site "www.playchess.de"]
[Date "2001.04.16"]
[Round "18"]
[White "Edik"]
[Black "Flay"]
[WhiteElo "1000"]
[BlackElo "1461"]
[PlyCount "65"]
[Result "1-0"]

1.d4 Nf6 2.c4 g6 3.Nc3 d5 4.cxd5 Nxd5 5.e4 Nxc3 
6.bxc3 Bg7 7.Nf3 O-O 8.Bc4 c5 9.Be3 cxd4 10.Bxd4 
Bg4 11.Be2 Nc6 12.Bxg7 Kxg7 13.O-O Bxf3 14.Bxf3 
Rc8 15.Rc1 Ne5 {Maybee later we can take a 
draw...}  16.Be2 Qa5 17.Qb3 b6 18.Rfd1 Rfd8 19.f4 
Rxd1+ 20.Qxd1 Nc4 21.Qd7 Qc5+ 22.Qd4+ Qxd4+ 
23.cxd4 b5 24.Kf2 a6 25.Bxc4 Rxc4 26.Rxc4 {Maybee 
later we can take a draw...}  bxc4 {God game, I am 
from the northen part of sweden (Luleå). What town 
are you from?}  27.Ke3 {I am from Ukraine (Kiev). 
Yes, god game.}  f5 {We having the spring here so 
its zero deegreads. But around 0.5 m snow}  28.e5 
{And for us now +13 centigrade trees also 
blossom:))}  g5 {Sounds greate, but in the winter 
you must have cold, we have around -15 centigrades 
at the winter}  29.g3 {The winter was already 
finished - soon kitchen gardens to land}  gxf4+ 
30.gxf4 Kg6 31.d5 Kf7 32.Kd4 e6 
33.d6 1-0

[Event "HCL-A078"]
[Site "www.playchess.de"]
[Date "2001.04.16"]
[Round "3"]
[White "EKALAYA"]
[Black "teenspirit"]
[WhiteElo "1916"]
[BlackElo "1732"]
[PlyCount "81"]
[Result "1-0"]

1.e4 {Well met, Count Drakul !}  c5 {Hi again my 
bloody friend!!!}  2.c3 {Remember .. my blood is 
poisonous - so don't try to drink it !}  Nc6 {Ok 
Ok... I'll find an antidot...}  3.d4 {You're 
scaring me .. pls don't lose on time before we 
reach move 11 !}  cxd4 {don't worry... I can lose 
in 11 moves, but not on time ;)}  4.cxd4 d5 5.exd5 
Qxd5 6.Nf3 Bg4 7.Be2 {Oh yes baby ! Take my pawn 
please !}  e6 {Which pawn? oh I din't notice I 
could win d4 pawn... such a pity... maybe later 
;)}  8.Nc3 {You've changed Count Drakul .. not so 
blood-thirsty. What's up ?}  Bb4 {well it was a 
poisoned blood my friend... and still haven't got 
any anthidot}  9.O-O {OK .. you now have your 2nd 
chance to win a pawn !}  Bxc3 {mmm some fresh 
knight blood ...}  10.bxc3 {Thank You, Thank You ! 
You allow me to have fun now.}  Nge7 11.h3 Bf5 
12.Nh4 O-O 13.Nxf5 {2B vs 2N .. I know this is 
your favourite game, Count Drakul !}  Nxf5 
{Yeah... my vampirized knights vs ur poisonous 
bishops...}  14.Bb2 {Ha ha .. but my bishops are 
really harmless friendly chaps ..}  Na5 15.Qd3 
Rac8 16.Rfb1 Nd6 17.Ba3 Rfd8 18.Bb4 Nac4 19.Bf3 
Ne5 {Let's start fireworks!}  20.Qxh7+ {I don't 
understand .. r u giving me a pawn for free ? 
Where is the trick .. ?}  Kxh7 {hope for 
activity!}  21.Bxd5 Nd3 {Some fireworks...:)}  
22.Bxd6 {I like this .. you are full of poison now 
.. ;)}  exd5 23.Bg3 b6 24.Rb3 g5 25.Rd1 {Bravo ! 
You saved your knight. The endgame isn't easy to 
defend though ..}  Nf4 26.Bxf4 gxf4 27.Re1 Rde8 
28.Kf1 Kg6 29.Rxe8 Rxe8 {Trying to draw it... not 
easy!}  30.Rb5 Rc8 31.Rxd5 {Is it really good to 
allow me a passed d-pawn and an active rook ?}  
Rxc3 {Only chance I think, to get an active rook 
too... passive defense Rd8 is a slow but sure 
death}  32.a4 Ra3 33.a5 bxa5 34.Ke2 a4 35.Ra5 Ra2+ 
36.Kf3 a3 37.Rxa7 {Happy Easter .. and thanks for 
the pawn ! :)}  Rd2 38.Rxa3 Rxd4 39.Ra8 f5 40.Rg8+ 
Kf6 41.h4 1-0

[Event "HCL-B184"]
[Site "www.playchess.de"]
[Date "2001.04.16"]
[Round "19"]
[White "German04"]
[Black "Xina"]
[WhiteElo "1222"]
[BlackElo "1200"]
[PlyCount "37"]
[Result "1-0"]

1.e4 e5 2.Nf3 d6 3.Nc3 Nf6 4.d4 Nc6 5.Bb5 Bd7 
6.dxe5 Nxe5 7.Ng5 Bxb5 8.Nxb5 h6 9.Nf3 a6 10.Nxe5 
dxe5 11.Qxd8+ Kxd8 12.Nc3 Bb4 13.O-O Ke7 14.a3 
Bxc3 15.bxc3 Nxe4 16.Bb2 Nd2 17.Rfe1 Nc4 18.Bc1 g5 
19.Re4 1-0

[Event "HCL-E031"]
[Site "www.playchess.de"]
[Date "2001.04.16"]
[Round "26"]
[White "BEATTY"]
[Black "magus"]
[WhiteElo "2000"]
[BlackElo "2000"]
[PlyCount "23"]
[Result "1-0"]

1.e4 {Handshake :)}  Nf6 2.e5 Nd5 3.d4 d6 4.Nf3 
dxe5 5.Nxe5 Nd7 6.Nxf7 Kxf7 7.Qh5+ Ke6 8.g3 b5 
9.Qe2+ Kf7 {excuse me for the delay!}  10.Qh5+ 
{Take your time sir ! :-)}  Ke6 11.a4 b4 
12.c4 1-0

[Event "HCL-E030"]
[Site "www.playchess.de"]
[Date "2001.04.16"]
[Round "6"]
[White "wernerGHF"]
[Black "Manya"]
[WhiteElo "2100"]
[BlackElo "2000"]
[PlyCount "52"]
[Result "0-1"]

1.Nf3 {good luck!}  d5 {i`speake spanish, but GOOD 
LUCK TOO}  2.d4 Nf6 3.c4 c6 4.Qb3 e6 5.Nc3 Be7 
6.Bg5 Nbd7 7.e3 O-O 8.Bd3 h6 9.Bxf6 Nxf6 10.O-O b6 
11.cxd5 exd5 12.e4 dxe4 13.Nxe4 Be6 14.Qc2 Bd5 
15.a3 Rc8 16.b4 c5 17.dxc5 bxc5 18.Nxc5 Bxc5 
19.bxc5 Bxf3 20.gxf3 Qd5 21.Rac1 Qxf3 22.Bf5 Rc7 
23.Qd3 Qf4 24.f3 g6 25.Be4 Rd7 26.Qc4 
Rd2 0-1

[Event "HCL-A086"]
[Site "www.playchess.de"]
[Date "2001.04.16"]
[Round "27"]
[White "westman"]
[Black "gelus"]
[WhiteElo "1905"]
[BlackElo "1904"]
[PlyCount "36"]
[Result "0-1"]

1.c4 {Are your ready for rumble?}  Nf6 {:-)}  
2.Nc3 e6 3.Nf3 c5 4.d4 cxd4 5.Nxd4 Nc6 6.Nc2 Bc5 
7.e4 Qb6 8.Qe2 d6 9.h3 Bd7 10.g3 O-O 11.Bg2 Nd4 
12.Qd3 d5 13.e5 dxc4 14.Qd1 Bc6 15.Ne3 Bxg2 
16.Nxg2 Nd7 17.f4 Qc6 {hello :-)}  18.O-O 
Nc2+ 0-1

[Event "HCL-B202"]
[Site "www.playchess.de"]
[Date "2001.04.16"]
[Round "4"]
[White "Translightor"]
[Black "Karl"]
[WhiteElo "1472"]
[BlackElo "1108"]
[PlyCount "53"]
[Result "1-0"]

1.e4 {Hallo, Marcel. Auf eine interessante 
Partie!}  d5 2.exd5 c6 3.dxc6 Nxc6 4.Nf3 Bg4 5.Be2 
Nf6 6.d3 e6 7.Nbd2 Bb4 8.c3 Bxf3 9.Nxf3 Be7 10.O-O 
O-O 11.d4 Bd6 12.Bg5 h6 13.Bh4 Be7 14.Qd2 Ne4 
15.Qe3 Bxh4 16.Qxe4 Bg5 17.h4 Bf6 18.g3 Qc7 
19.Rfe1 Rfe8 20.Bd3 e5 21.dxe5 Bxe5 22.Nxe5 Rxe5 
23.Qh7+ Kf8 24.Qh8+ Ke7 25.Qxa8 Rxe1+ 26.Rxe1+ Kf6 
27.Qe8 1-0

[Event "HCL-A091"]
[Site "www.playchess.de"]
[Date "2001.04.16"]
[Round "9"]
[White "ming"]
[Black "hominoid"]
[WhiteElo "1508"]
[BlackElo "1660"]
[PlyCount "39"]
[Result "1-0"]

1.e4 c5 2.Bc4 {hi!have a good game!}  e6 3.d4 cxd4 
4.Qxd4 Nc6 {welcome and good luck}  5.Qd3 Ne5 
6.Qd4 Nxc4 7.Qxc4 Nf6 8.Bd2 d5 9.exd5 Qxd5 10.Qxd5 
exd5 11.Nf3 Bc5 12.O-O O-O 13.b4 Bd6 14.Nc3 Bxb4 
15.Nb5 Bxd2 16.Nxd2 Be6 17.Rab1 Rfc8 18.Nd4 Rc7 
19.Rfe1 Re8 20.Nb5 1-0

[Event "ACL-A111"]
[Site "www.playchess.de"]
[Date "2001.04.16"]
[Round "7"]
[White "chessnut"]
[Black "Morpheus"]
[WhiteElo "1767"]
[BlackElo "1448"]
[PlyCount "55"]
[Result "1-0"]

1.c4 Nf6 2.g3 g6 3.Bg2 d6 4.Nc3 Bg7 5.e4 O-O 
6.Nge2 e5 7.O-O Nc6 8.f4 Be6 9.Nd5 Ne7 10.Nxf6+ 
Bxf6 11.fxe5 dxe5 12.Rxf6 Nc6 13.Rf2 Qd7 14.Qa4 
Bh3 15.Bxh3 Qxh3 16.b3 Rfd8 17.Nc3 Nd4 18.Ba3 Nc2 
19.Rc1 Nd4 20.Rcf1 Rd7 21.Nd5 c6 22.Nf6+ Kg7 
23.Nxd7 Rd8 24.Nxe5 f6 25.Qb4 Re8 26.Qxb7+ Kg8 
27.Qf7+ {Mate in 2!!}  Kh8 28.Qxe8+ 1-0

[Event "HCL-E033"]
[Site "www.playchess.de"]
[Date "2001.04.16"]
[Round "13"]
[White "mvs"]
[Black "peze2"]
[WhiteElo "2000"]
[BlackElo "2354"]
[PlyCount "26"]
[Result "0-1"]

1.c4 e5 2.Nc3 Bb4 3.g3 Bxc3 4.dxc3 d6 5.Bg2 f5 
6.Qa4+ Qd7 7.Qxd7+ Nxd7 8.f4 Ngf6 9.Nf3 exf4 
10.Bxf4 Nc5 11.Rd1 O-O 12.Rf1 Be6 13.b3 
Rae8 0-1

[Event "HCL-A084"]
[Site "www.playchess.de"]
[Date "2001.04.16"]
[Round "1"]
[White "peze"]
[Black "Jane"]
[WhiteElo "2005"]
[BlackElo "1700"]
[PlyCount "25"]
[Result "1-0"]

1.e4 {Hello! Good luck!}  e6 {Hi ! How long do you 
wait an opponent ?}  2.d4 {...since 14.Febr.!!!}  
d5 3.Nd2 c5 4.Ngf3 Nc6 5.exd5 exd5 6.Bb5 Bd6 7.O-O 
Nge7 8.c4 O-O 9.dxc5 Bxc5 10.Nb3 Bb4 11.cxd5 Nxd5 
12.Qc2 Qc7 13.Rd1 1-0

[Event "HCL-C216"]
[Site "www.playchess.de"]
[Date "2001.04.16"]
[Round "6"]
[White "andrew"]
[Black "Petra"]
[WhiteElo "1000"]
[BlackElo "1022"]
[PlyCount "36"]
[Result "0-1"]

1.e4 e5 {Hello.  Nice to meet you also.  Let's 
have a good game.  Best of luck.}  2.d4 exd4 3.c3 
dxc3 4.Bc4 cxb2 5.Qd5 bxc1Q+ {%}  6.Ke2 {ops, bad 
mistake. I'm trying to fix it.}  Qb2+ 7.Nd2 Nh6 
8.Ngf3 c6 9.Qe5+ Be7 10.Qxg7 Qxg7 11.Rab1 Bg5 
12.Nb3 d5 13.exd5 O-O 14.Rhd1 Re8+ 15.Kf1 Bf5 
16.dxc6 Nxc6 17.Nc5 Bxb1 18.Rxb1 
Ne5 0-1

[Event "HCL-C216"]
[Site "www.playchess.de"]
[Date "2001.04.16"]
[Round "9"]
[White "Coney"]
[Black "andrew"]
[WhiteElo "1104"]
[BlackElo "1000"]
[PlyCount "55"]
[Result "1-0"]

1.e4 e5 2.f4 d5 3.exd5 Bc5 4.c4 Bf5 5.Nf3 e4 6.Ne5 
Bd4 7.Qa4+ Bd7 8.Nxd7 Nxd7 9.c5 Ngf6 10.Qxd4 O-O 
11.Bb5 Qe8 12.Bxd7 Qe7 13.Bf5 Rae8 14.d6 cxd6 
15.cxd6 Qd8 16.b3 Qa5 17.d7 Nxd7 18.Bxd7 Red8 
19.Qxe4 Rxd7 20.O-O Qc5+ 21.Kh1 Rd6 22.Ba3 Qb6 
23.Bxd6 Qxd6 24.d4 Rc8 25.Nd2 Qh6 26.Nc4 Qh5 
27.Qxb7 Qf5 28.Nd6 1-0

[Event "HCL-A098"]
[Site "www.playchess.de"]
[Date "2001.04.16"]
[Round "33"]
[White "cyberale"]
[Black "nextalby"]
[WhiteElo "1700"]
[BlackElo "2003"]
[PlyCount "50"]
[Result "0-1"]

1.e4 e6 2.d4 d5 3.Nc3 Nf6 4.Nf3 Nxe4 5.Bb5+ Bd7 
6.Bxd7+ Nxd7 7.Bg5 Nxg5 8.O-O Nxf3+ 9.Qxf3 Qf6 
10.Qe2 Be7 11.Rae1 c6 12.Qg4 O-O 13.Re3 Qg6 
14.Qxg6 hxg6 15.Rfe1 Bf6 16.Ne2 c5 17.dxc5 Nxc5 
18.Nf4 Bxb2 19.Rh3 Rfc8 20.Ree3 Bf6 21.Ne2 Ne4 
22.c3 Rc4 23.f3 Nxc3 24.a3 Nxe2+ 25.Rxe2 
Rac8 0-1

[Event "HCL-E026"]
[Site "www.playchess.de"]
[Date "2001.04.16"]
[Round "17"]
[White "Fox"]
[Black "Rustaveli"]
[WhiteElo "2000"]
[BlackElo "2000"]
[PlyCount "22"]
[Result "0-1"]

1.d4 Nf6 {Privet iz Brazilii! Izvinite, no ya ne 
govoriu po-ukrainski, tol´ko nemnogo po-russki...} 
 2.c4 {Privet! Ya sam ukrainskij znauy ploxo:)}  
c5 {Gde vy zhivyote v Ukraine (gorod)?}  3.d5 
{Nedaleko ot Xar'kova.}  b5 4.cxb5 a6 5.bxa6 Bxa6 
6.Nc3 g6 7.e4 Bxf1 8.Kxf1 d6 9.Nf3 Bg7 10.g3 O-O 
11.Kg2 Nbd7 0-1

[Event "HCL-E038"]
[Site "www.playchess.de"]
[Date "2001.04.16"]
[Round "5"]
[White "Merscheid"]
[Black "Chris"]
[WhiteElo "2213"]
[BlackElo "2054"]
[PlyCount "69"]
[Result "1-0"]

1.e4 c5 2.Nf3 e6 3.d4 cxd4 4.Nxd4 Nf6 5.Nc3 d6 
6.Be2 Nc6 7.O-O Be7 8.Be3 Bd7 9.Ndb5 Qb8 10.Bf4 
Ne5 11.Bg5 a6 12.Bxf6 gxf6 13.Nd4 Nc6 14.Nb3 Rg8 
15.Bd3 Ne5 16.Qh5 Rg7 17.Kh1 Kf8 18.f4 Nxd3 
19.cxd3 Bc6 20.f5 e5 21.d4 Kg8 22.Rac1 Qf8 23.d5 
Bd7 24.Rf2 Kh8 25.Rfc2 Rg8 26.Na5 Rb8 27.Nd1 Qg7 
28.Ne3 Rgc8 29.Nac4 Qg8 30.Nb6 Rxc2 31.Rxc2 Be8 
32.Nc8 Bf8 33.Rc7 Qg5 34.Qxg5 fxg5 
35.Nc4 1-0

[Event "HCL-A101"]
[Site "www.playchess.de"]
[Date "2001.04.16"]
[Round "3"]
[White "markjburden"]
[Black "Felix"]
[WhiteElo "1367"]
[BlackElo "1683"]
[PlyCount "74"]
[Result "0-1"]

1.e4 {good luck}  c5 {May the better win!}  2.Nf3 
d6 3.c3 Nf6 4.d3 Nc6 5.Be3 g6 6.Be2 Bg7 7.O-O O-O 
8.h3 b6 9.Nbd2 d5 10.exd5 Nxd5 11.Ne4 Bb7 12.Rb1 
f5 13.c4 Nxe3 14.fxe3 fxe4 15.dxe4 Ne5 16.Nxe5 
Bxe5 17.Bf3 Qxd1 18.Rfxd1 Rad8 19.b3 Rd6 20.Rxd6 
exd6 21.Rd1 Kf7 22.Kf2 Ke6 23.Ke2 Bg3 24.Kd3 Ke5 
25.a3 Bc6 26.b4 cxb4 27.axb4 a5 28.bxa5 bxa5 
29.Kc3 Rb8 30.Kd3 Rb3+ 31.Ke2 a4 32.Ra1 a3 33.Kd2 
Bxe4 34.Bd1 Rb2+ 35.Kc1 Be1 36.Bg4 Bc3 37.Rxa3 
Rb1+ 0-1